Guía de Vitoria : patrocinada por el Excmo. Ayuntamiento de esta ciudad patrocinada por el Excmo. Ayuntamiento de esta ciudad
Descripción Física:
59 p. : il. ; 19 cm
MARC
| LEADER | 00000nam a2200000Ia 4500 | ||
|---|---|---|---|
| 001 | 16656 | ||
| 008 | 160829s1929 xx 000 0 cat d | ||
| 080 | |a H-2-287 | ||
| 245 | |a Guía de Vitoria : |b patrocinada por el Excmo. Ayuntamiento de esta ciudad | ||
| 260 | |a Vitoria : |b Ruíz i Eguíluz, |c 1929 | ||
| 300 | |a 59 p. : |b il. ; |c 19 cm | ||
| 590 | |a Prové de 3911, exp.1 | ||
| 650 | |a Vitòria |x Descripcions i viatges |x Guies |9 46777 | ||
| 710 | 1 | |a Vitoria (País Basc). |b Ayuntamiento |9 55439 | |
| 901 | |a Arxiu | ||
| 942 | |n 1 | ||
| 952 | |0 0 |1 0 |4 0 |6 H2287 |7 1 |9 53442 |a Arxiu |b Arxiu |d 2016-12-01 |l 0 |o H-2-287 |p 16656 |r 2016-12-01 00:00:00 |w 2016-12-01 |y ARXIU | ||
| 999 | |c 57308 |d 57308 | ||